| 000 | 00726nam a22002777a 4500 | ||
|---|---|---|---|
| 001 | BR9509473 | ||
| 003 | BR-BrBNA | ||
| 005 | 20230928094800.0 | ||
| 007 | ta | ||
| 008 | 230509b bl.||||| |||| 00| 0 por d | ||
| 040 |
_aBR-BrBNA _bpor _cBiblioteca Nacional de Agricultura |
||
| 041 | _a(Por) | ||
| 072 | _aF40; F70 | ||
| 090 | _ F40 BR9509473 | ||
| 100 | 1 | _aLindman, C.A.M. | |
| 100 | 1 | _aFerri, M.G. | |
| 245 | 1 | _aA vegetacao no Rio Grande do Sul | |
| 260 | 3 |
_aSao Paulo, SP (Brasil): _bItatiaia, _c1974. |
|
| 300 | _a377 p. | ||
| 500 | _a78 illus.; 17 ref. | ||
| 650 | _aVegetacao | ||
| 650 | _aDistribuicao Geografica | ||
| 650 | _aRio Grande do Sul | ||
| 909 |
_a202309 _bLucia _c55 _dLucia Elande |
||
| 942 | _cBK | ||
| 999 |
_c52613 _d52613 |
||